000 00903nam a2200325Ia 4500
003 OSt
005 20220912144846.0
006 a|||||r|||| 00| 0
007 ta
008 220909b |||||||| |||| 00| 0 eng d
024 _a80137
037 _cTextual
040 _aCSL
_beng
_cCSL
041 _aeng
082 _aY73(P15), N8
100 _aSahay Vijjoy S
245 0 _aIndian anthropology
260 _aAllahabad
_bK K Publications
_c1998
300 _a226p.
_ccm.
490 _aOriental anthropologist series; 1
500 _aBibliography 220-226p.
650 _a Anthropology-Research-India
650 _a Ethnography-India
650 _a Ethnology-India
650 _a India-Social conditions
650 _aAnthropology-India
700 _a Singh Pradip K
942 _hY73(P15), N8
_cTEXL
_2CC
999 _c17479
_d17479